Ribbons & Medals (Record no. 281349)
[ view plain ]
| 000 -LEADER | |
|---|---|
| fixed length control field | 00201 a2200097 4500 |
| 001 - CONTROL NUMBER | |
| control field | 46276 |
| 090 ## - LOCALLY ASSIGNED LC-TYPE CALL NUMBER (OCLC); LOCAL CALL NUMBER (RLIN) | |
| -- | 29384 |
| -- | 29384 |
| 100 ## - MAIN ENTRY--PERSONAL NAME | |
| Personal name | Dorling, T |
| 245 ## - TITLE STATEMENT | |
| Title | Ribbons & Medals |
| 260 ## - PUBLICATION, DISTRIBUTION, ETC. | |
| Place of publication, distribution, etc. | |
| Name of publisher, distributor, etc. | George Philip |
| Date of publication, distribution, etc. | |
| 942 ## - ADDED ENTRY ELEMENTS (KOHA) | |
| Institution code [OBSOLETE] | NUST-CAE |
| Koha item type | |
| -- | |
| Withdrawn status | Lost status | Damaged status | Not for loan | Collection code | Permanent Location | Current Location | Date acquired | Total Checkouts | Barcode | Date last seen | Price effective from | Koha item type |
|---|---|---|---|---|---|---|---|---|---|---|---|---|
| College of Aeronautical Engineering (CAE) | College of Aeronautical Engineering (CAE) | 04/03/2017 | CAE37829 | 04/05/2017 | 04/05/2017 | Book |
